00322nam a2200133Ia 4500008004100000020001500041041001200056082001600068100001600084245003500100260002900135300000800164650001600172221030s9999 xx 000 0 und d a8170293014 aEnglish a105.23bKan aY. Kanetkar 0aWorking With Ccby Y. Kanetkar bBPB PubaNew Delhic1999 a520 aBE Computer